Statystyki dla Domeny internetowe

Kliknij tutaj aby rozwiązać quiz!

Ogólne statystyki

  • Ten quiz został rozwiązany 124 razy
  • Średni wynik to 4 z 20

Statystyki odpowiedzi

DomenaZnaczenie% Poprawnych
.afAfganistan
100%
.beBelgia
100%
.byBiałoruś
100%
.czCzechy
100%
.dkDania
100%
.djDżibuti
100%
.grGrecja
100%
.htHaiti
100%
.inIndie
100%
.yeJemen
100%
.qaKatar
100%
.kzKazachstan
100%
.kiKiribati
100%
.npNepal
100%
.ngNigeria
100%
.plPolska
100%
.scSeszele
100%
.chSzwajcaria
100%
.gbWielka Brytania
100%
.ukWielka Brytania
100%
.vnWietnam
100%
.itWłochy
100%
.zwZimbabwe
100%
.ruRosja
75%
.hrChorwacja
67%
.phFilipiny
67%
.caKanada
67%
.coKolumbia
67%
.roRumunia
67%
.trTurcja
67%
.arArgentyna
50%
.amArmenia
50%
.iqIrak
50%
.cmKamerun
50%
.kgKirgistan
50%
.ltLitwa
50%
.maMaroko
50%
.mnMongolia
50%
.deNiemcy
50%
.noNorwegia
50%
.pePeru
50%
.sySyria
50%
.tnTunezja
50%
.eu +Unia Europejska
50%
.uzUzbekistan
50%
.veWenezuela
50%
.esHiszpania
40%
.ugUganda
40%
.auAustralia
33%
.eeEstonia
33%
.fiFinlandia
33%
.myMalezja
33%
.sdSudan
33%
.thTajlandia
33%
.aeZjednoczone Emiraty Arabskie
33%
.aq *Antarktyda
25%
.mxMeksyk
25%
.mmMjanma
25%
.mlMali
20%
.seSzwecja
20%
.alAlbania
0%
.dzAlgieria
0%
.adAndora
0%
.aoAngola
0%
.ai *Anguilla
0%
.agAntigua i Barbuda
0%
.an *Antyle Holenderskie
0%
.saArabia Saudyjska
0%
.aw *Aruba
0%
.atAustria
0%
.ps *Autonomia Palestyńska
0%
.azAzerbejdżan
0%
.bsBahamy
0%
.bhBahrajn
0%
.bdBangladesz
0%
.cash +Bankowe
0%
.bbBarbados
0%
.bzBelize
0%
.bjBenin
0%
.bm *Bermudy
0%
.btBhutan
0%
.biz +Biznesowe
0%
.boBoliwia
0%
.baBośnia i Hercegowina
0%
.bwBotswana
0%
.brBrazylia
0%
.bnBrunei
0%
.io *Brytyjskie Terytorium Oceanu Indyjskiego
0%
.vg *Brytyjskie Wyspy Dziewicze
0%
.bgBułgaria
0%
.bfBurkina Faso
0%
.biBurundi
0%
.clChile
0%
.cnChiny
0%
.cyCypr
0%
.tdCzad
0%
.meCzarngóra
0%
.um *Dalekie Wyspy Mniejsze Stanów Zjednoczonych
0%
.cdDemokratyczna Republika Konga
0%
.dj +DJ branży muzycznej
0%
.dmDominika
0%
.doDominikana
0%
.kid +Dziecięce
0%
.edu +Edukacyjne
0%
.egEgipt
0%
.ecEkwador
0%
.xxx +Erotyczne
0%
.erErytrea
0%
.etEtiopia
0%
.fk *Falklandy
0%
.fjFidżi
0%
.frFrancja
0%
.tf *Francuskie Terytoria Południowe i Antarktyczne
0%
.gaGabon
0%
.gmGambia
0%
.geo +Geograficzne
0%
.gs *Georgia Południowa i Sandwich Południowy
0%
.ghGhana
0%
.gi *Gibraltar
0%
.design +Grafika
0%
.gdGrenada
0%
.gl *Grenlandia
0%
.geGruzja
0%
.gu *Guam
0%
.gg *Guernsey
0%
.gyGujana
0%
.gf *Gujana Francuska
0%
.gp *Gwadelupa
0%
.gtGwatemala
0%
.gnGwinea
0%
.gwGwinea Bissau
0%
.gqGwinea Równikowa
0%
.hnHonduras
0%
.hk *Hongkong
0%
.idIndonezja
0%
.info +Informacyjne
0%
.net +Internetowe
0%
.irIran
0%
.ieIrlandia
0%
.isIslandia
0%
.ilIzrael
0%
.jmJamajka
0%
.jpJaponia
0%
.je *Jersey
0%
.joJordania
0%
.ky *Kajmany
0%
.khKambodża
0%
.cat +Katalonia
0%
.keKenia
0%
.com +Komercyjne
0%
.kmKomory
0%
.cgKongo
0%
.coop +Kooperacja
0%
.kpKorea Północna
0%
.krKorea Południowa
0%
.crKostaryka
0%
.nlKrólestwo Niderlandów
0%
.cuKuba
0%
.kwKuwejt
0%
.laLaos
0%
.lsLesotho
0%
.lbLiban
0%
.lrLiberia
0%
.lyLibia
0%
.liLiechtenstein
0%
.lvŁotwa
0%
.luLuksemburg
0%
.mkMacedonia Północna
0%
.mgMadagaskar
0%
.yt *Majotta
0%
.mo *Makau
0%
.mwMalawi
0%
.mvMalediwy
0%
.mtMalta
0%
.mp *Mariany Północne
0%
.mq *Martynika
0%
.mrMauretania
0%
.muMauritius
0%
.med +Medyczne
0%
.md +Medyczne
0%
.fmMikronezja
0%
.mil +Militarne
0%
.mdMołdawia
0%
.mcMonako
0%
.ms *Montserrat
0%
.mzMozambik
0%
.museum +Muzealne
0%
.mu +Muzyka
0%
.naNamibia
0%
.nrNauru
0%
.name +Nazewnicze indywidualne
0%
.neNiger
0%
.niNikaragua
0%
.nu *Niue
0%
.nf *Norfolk
0%
.nc *Nowa Kaledonia
0%
.nzNowa Zelandia
0%
.omOman
0%
.org +Organizacyjne
0%
.int +Organizacyjne międzynarodowe
0%
.pkPakistan
0%
.pwPalau
0%
.paPanama
0%
.pgPapua-Nowa Gwinea
0%
.pyParagwaj
0%
.pn *Pitcairn
0%
.cd +Płyta kompaktowa
0%
.post +Pocztowe i firmowe prywatne
0%
.travel +Podróżnicze
0%
.pf *Polinezja Francuska oraz Clipperton
0%
.pr *Portoryko
0%
.ptPortugalia
0%
.fm +Radio internetowe
0%
.zaRepublika Południowej Afryki
0%
.cfRepublika Środkowoafrykańska
0%
.cvRepublika Zielonego Przylądka
0%
.re *Reunion
0%
.rwRwanda
0%
.gov +Rządowe
0%
.eh *Sahara Zachodnia
0%
.bl *Saint-Barthelemy
0%
.knSaint Kitts i Nevis
0%
.lcSaint Lucia
0%
.mf *Saint-Martin
0%
.pm *Saint-Pierre i Miquelon
0%
.vcSaint Vincent i Grenadyny
0%
.svSalwador
0%
.wsSamoa
0%
.as *Samoa Amerykańskie
0%
.smSan Marino
0%
.snSenegal
0%
.rsSerbia
0%
.root +Serwery DNS
0%
.slSierra Leone
0%
.sgSingapur
0%
.sx *Sint Maarten
0%
.shop +Sklepy internetowe
0%
.skSłowacja
0%
.siSłowenia
0%
.soSomalia
0%
.sport +Sportowe
0%
.lkSri Lanka
0%
.eco +Środowiskowe
0%
.usStany Zjednoczone
0%
.it +Strony anglojęzyczne
0%
.si +Strony hiszpańskojęzyczne
0%
.me +Strony społecznościowe
0%
.szSuazi
0%
.ssSudan Południowy
0%
.srSurinam
0%
.sh *Święta Helena
0%
.sh +Szanghaj i Shenzhen
0%
.tjTadżykistan
0%
.twTajwan
0%
.tzTanzania
0%
.mobi +Telefonia komórkowa
0%
.tel +Telekomunikacyjne
0%
.tv +Telewizja
0%
.tlTimor Wschodni
0%
.tgTogo
0%
.tk *Tokelau
0%
.toTonga
0%
.aero +Transport lotniczy
0%
.ttTrynidad i Tobago
0%
.tmTurkmenistan
0%
.tc *Turks i Caicos
0%
.tvTuvalu
0%
.uaUkraina
0%
.uyUrugwaj
0%
.vuVanuatu
0%
.wf *Wallis i Futuna
0%
.vaWatykan
0%
.huWęgry
0%
.ciWybrzeże Kości Słoniowej
0%
.bv *Wyspa Bouveta
0%
.cx *Wyspa Bożego Narodzenia
0%
.im *Wyspa Man
0%
.ac *Wyspa Wniebowstąpienia
0%
.ax *Wyspy Alandzkie
0%
.ck *Wyspy Cooka
0%
.vi *Wyspy Dziewicze Stanów Zjednoczonych
0%
.hm *Wyspy Heard i McDonalda
0%
.cc *Wyspy Kokosowe
0%
.mhWyspy Marshalla
0%
.fo *Wyspy Owcze
0%
.sbWyspy Salomona
0%
.sj *Wyspy Svalbard i Jan Mayen
0%
.stWyspy Świętego Tomasza i Książęca
0%
.zmZambia
0%
.jobs +Zatrudnienie
0%
.pro +Zawodowe
0%
.mail +Z e-pocztą
0%
.su *ZSRR
0%

Rozkład punktacji

Percentyl według liczby udzielonych odpowiedzi

Procent ludzi z każdym wynikiem

Twoja historia wyników

Nie rozwiązałeś tego quizu